| 000 | 00484nam a2200181Ia 4500 | ||
|---|---|---|---|
| 008 | 210719s2014 xx 000 0 und d | ||
| 020 | _a978-9-388-75418-7 | ||
| 041 | _aeng | ||
| 082 | _a820.33 VENR | ||
| 100 | _aVENKATRAMAN (Sundari) | ||
| 245 | _aRunaway bridegroom | ||
| 260 |
_aChennai _bWestland books pvt ltd., _c2014 |
||
| 300 |
_a249 _bPB |
||
| 365 |
_b299 _cRs |
||
| 650 | _aIndian English Fiction | ||
| 650 | _aIndian English Fiction | ||
| 906 | _abridegroom ; Runaway | ||
| 999 |
_c211770 _d211770 |
||